000 00688cam a2200229 a 4500
999 _c130450
_d130450
001 491883
003 ARRUPE
005 20200319123527.0
008 850315s1983 rh 000 0 sna
010 _a 84223058
020 _a0086222287
040 _aDLC
_cDLC
_dDLC
050 0 0 _aPL8681.9.M6
_bC45 1983
100 1 _aMoyo, Aaron C.,
_d1950-
_949760
245 1 0 _aChenga ose :
_bmutambo /
_cwakanyorwa naAaron Chiundura.
260 _aGweru, Zimbabwe :
_bMambo Press,
_c1983.
300 _a71 p. ;
_c18 cm.
440 0 _aMembo writers series.
_pShona section ;
_vv. 14
_949761
500 _aIn Shona.
906 _a7
_bcbc
_corignew
_d4
_encip
_f19
_gy-gencatlg
942 _2lcc
_cMONOGRAPH